Between two worlds : the construction of the Ottoman state
Αποθηκεύτηκε σε:
| Κύριος συγγραφέας: | |
|---|---|
| Μορφή: | Βιβλίο |
| Γλώσσα: | English |
| Δημοσίευση: |
London :
University of California,
1995.
|
| Θέματα: | |
| Ετικέτες: |
Προσθήκη ετικέτας
Δεν υπάρχουν, Καταχωρήστε ετικέτα πρώτοι!
|
MARC
| LEADER | 00000nam a2200000 i 4500 | ||
|---|---|---|---|
| 001 | 1/10092 | ||
| 008 | 970516s1995 uk | ||| |||| ||eng|| | ||
| 020 | |a 0520206002 | ||
| 035 | |l 10017728 | ||
| 040 | |a GR-MyUa |b gre |e AACR2 | ||
| 041 | 0 | |a eng | |
| 082 | 7 | |a 956.10072 |2 (22) | |
| 100 | 1 | |a Kafadar, Cemal, |d 1954- | |
| 245 | 1 | 0 | |a Between two worlds : |b the construction of the Ottoman state / |c Cemal Kafadar. |
| 260 | |a London : |b University of California, |c 1995. | ||
| 300 | |a xx, 221 σ. ; |c 24 εκ. | ||
| 504 | |a Περιλαμβάνει βιβλιογραφίες και ευρετήριο. | ||
| 651 | 0 | |a Turkey |x History |y Ottoman Empire, 1288-1918. | |
| 651 | 0 | |a Turkey |x History |y Ottoman Empire, 1288-1918 |x Historiography. | |
| 767 | 0 | 8 | |i Μεταφρασμένο ως: |t Ανάμεσα σε δύο κόσμους : |
| 852 | |a INST |b LESVOS |e 19970516 |h 956.10072 KAF |p 005100011270 |q 005100011270 |t BK |y 0 | ||